Statistics for Israel A-Z

Click here to take the quiz!

General Stats

  • This quiz has been taken 259 times
  • The average score is 15 of 26

Answer Stats

HintAnswer% Correct
jCapital CityJerusalem
94%
iThe largest religion after Judaism in IsraelIslam
91%
lCountry to the north of IsraelLebanon
91%
rThe sea to the south of IsraelRed Sea
89%
hThird-largest city, and example of co-existanceHaifa
88%
gFirst name of the first female Prime Minister of IsraelGolda Meir
83%
kThe name of the Israeli ParliamentKnesset
83%
bFirst Prime Minister of IsraelDavid Ben-Gurion
80%
qThe Q____ of Sheba came to visit SolomonQueen
78%
eSouthern-most cityEilat
73%
zTerm used to describe a person dedicated to the Jewish HomelandZionist
72%
fPomelit and Jaffa Oranges are types of what Israeli exportfruit
68%
dEthnic minority that although Arabic speaking, are drafted into the army (an off-shoot of Islam,secrative religion)Druze
61%
pThe old man of Israeli politics (was elected to serve in 1959 until he became the 9th Israeli President in 2007)Shimon Peres
56%
vPlace where wine is grown (generic English name)Vineyard
55%
uThe British returned their mandate to this bodyUN
50%
yName of the tribe from which most Jews are descendant (the English spelling will also work)Yehuda
41%
oThis former Prime Minister has been convicted on charges of fraudEhud Olmert
39%
cThe mount on which the prophet Elijah did battle with the priest of BaalCarmel
35%
nChurch in Bethlehem which tradition holds is the place where Jesus was bornChurch of the Nativity
35%
tMost famous/respected of the universities in IsraelTechnion/The Hebrew University
35%
xFilipina care-giver Rose Fostanes (the Israeli Susan Boyle) won the debut show of this international programX-Factor
35%
aHoliest Bahai city, also formerly a crusader city.Acco
34%
wFrist President of IsraelChaim Weizman
29%
sThe church where tradition holds Jesus was killed and resurected: Church of the Holy ____Sepulcher
25%
mRefugee camps that housed, primarily, the almost 1 million Jews that were thrown out of Arab countries after the State of Israel was createdMa'abarot
11%

Score Distribution

Percentile by Number Answered

Percent of People with Each Score

Your Score History

You have not taken this quiz